000 00598nam a2200217 4500
003 OSt
005 20240726082022.0
006 a
008 240726b |||||||| |||| 00| 0 eng d
020 _a9781904994572
040 _aDWCL-Main lib.
_cOC
082 _aGR. 032 G964 2010
245 _aGuinness world records 2011 /
260 _a[UK] :
_bGuinness World Records Limited,
_cc2010.
300 _b287 p. : col. ill. ;
_c31 cm.
504 _aIncludes index.
650 _a1. World records.
650 _a2. Curiosities and wonders.
700 _aCraig Glenday
942 _2ddc
_n0
_cGR
_kGR.
999 _c2833
_d2833